Crack the Safe - Sudden Death - Statistics

General Stats
  • This quiz has been taken 30,141 times
  • The average score is 11 of 13
Answers on the Grid
Answers color-coded by a green-red scale on the quiz's grid according to % correct below.
1
Open 3
2
3
Open 6
4
5
6
Open 12
7
Complete!
8
9
Open 24
10
11
12
Open 20
Start
Open 9
14
15
Open 7
16
Open 23
17
18
19
Open 16
20
Open 19
21
22
23
Open 15
24
Open 1
25
 
Answer Stats
Answer % Correct
Start
Open 9
97%
1
Open 3
93%
9
Open 24
91%
24
Open 1
90%
3
Open 6
90%
6
Open 12
89%
12
Open 20
87%
20
Open 19
85%
19
Open 16
82%
16
Open 23
78%
23
Open 15
72%
15
Open 7
64%
7
Complete!
58%
No matching quizzes found
Score Distribution
Percent of People with Each Score
Percentile by Number Answered
Your Score History
You have not taken this quiz